Guess The Footballer From Career Transfers #2 - Statistics

General Stats
  • This quiz has been taken 107 times
  • The average score is 6 of 21
Answer Stats
Career Transfers In Order Player % Correct
Santos - NY Cosmos Pele
81%
Dinamo Zagreb - Inter - Real Madrid - Chelsea - Man City Mateo Kovacic
66%
AIK - Borussia Dortmund - Real Sociedad - Newcastle Alexander Isak
60%
New England Revolution - Fulham - Tottenham - Seattle Sounders Clint Dempsey
59%
Dinamo Zagreb - Rijeka - Leicester - Hoffenheim Andrej Kramaric
45%
Birmingham - Leicester - Bayer Leverkusen - Everton - Al-Ettifaq Demarai Gray
42%
Boca Juniors - Barcelona - Villarreal - Boca Juniors - Argentinos Juniors Juan Roman Riquelme
41%
Leeds - Aston Villa - Man City - Everton Fabian Delph
33%
I. Medellin - Chiapas - Porto - Atletico Madrid - Guangzhou - Portimonense Jackson Martinez
31%
Marseille - Lorient - Aston Villa - Swansea - Crystal Palace Jordan Ayew
31%
PSV - Barcelona - Stoke - PSV Ibrahim Afellay
30%
Bayern Munich - Man Utd - Man City Owen Hargreaves
28%
Como - Bari - Juventus - Barcelona - AC Milan - Chiasso Gianluca Zambrotta
27%
Ajax - Arsenal - Barcelona - Vissel Kobe Thomas Vermaelen
24%
Celta Vigo - Real Madrid - Blackburn - Independiente Michel Salgado
12%
Ryan - Stansted - Dag & Red - Peterborough - Crystal Palace - Newcastle - Stoke Dwight Gayle
10%
MP - VPS - Bolton - West Ham - Wigan - ATK Jussi Jaaskelainen
6%
OFI - Vitesse - Lyon - Real Madrid - Monaco - Fulham Mahamadou Diarra
6%
Everton - West Brom - Sunderland - Beijing Victor Anichebe
5%
Aston Villa - Man City - Ankaragucu - Leicester Darius Vassell
4%
Wasquehal - Lille - Arsenal - Villarreal - Cartagena Pascal Cygan
4%
No matching quizzes found
Score Distribution
Percent of People with Each Score
Percentile by Number Answered
Your Score History
You have not taken this quiz